000 00985nam a22002897a 4500
001 9669
003 FISKH
005 20260424113911.0
008 260128b cb ||||| |||| 00| 0 eng d
020 _a9780462001135
040 _aFISKH
_beng
_cFISKH
_dFISKH
050 _aPZ7
082 _a372.6
100 _aMichele, Tracey
_eAuthor
245 _aWool /
_cWritten by Tracey Michele
260 _aSingapore :
_bMarshall Cavendish International ,
_c2008
300 _a16 pages :
_bphotographs ;
_c19 cm
490 _aMy pals are here! :
_v13d
505 _aG
520 _aMany animals have a woolly coat. The wool is on their body. It helps their body stay warm. Wool can be on their legs, feet, or paws, too. You can cut off the wool. You can make clothes from wool. Wool clothes help you stay warm, too.
521 8 _a400
_bLexile estimate
521 8 _aG
_bRaz-Plus
650 _aFacts
_vWolves
650 _aWool
_vClothes
942 _2ddc
_cBK
_n0
999 _c9669
_d9669